| Tag |
First Indicator |
Second Indicator |
Subfields |
| LEADER |
00000cam a2200000 4500 |
| 001 |
in00000015499 |
| 005 |
20151007052530.0 |
| 008 |
750528s1965 fr 00010 fre |
| 010 |
|
|
|a 66039588
|
| 035 |
|
|
|a (OCoLC)01358549
|
| 035 |
|
|
|9 AAA8168AM
|
| 040 |
|
|
|a DLC
|c DZM
|d SER
|d m/c
|d TXA
|d UtOrBLW
|
| 049 |
|
|
|a TXAM
|c [A11485333]
|
| 050 |
0 |
0 |
|a PQ2678.E86
|b C5
|
| 100 |
1 |
|
|a Rey, Henri François.
|
| 245 |
1 |
4 |
|a Les chevaux masqués ;
|b roman /
|c Henri-Francois Rey.
|
| 264 |
|
1 |
|a Paris :
|b R. Laffont,
|c [1965]
|
| 264 |
|
4 |
|c [©1965]
|
| 300 |
|
|
|a 374 pages ;
|c 20 cm.
|
| 336 |
|
|
|a text
|b txt
|2 rdacontent
|
| 337 |
|
|
|a unmediated
|b n
|2 rdamedia
|
| 338 |
|
|
|a volume
|b nc
|2 rdacarrier
|
| 999 |
|
|
|a MARS
|
| 999 |
f |
f |
|s 59a70b82-acaf-37b3-b8e3-8bc53b84d2b2
|i d0db31d6-3872-3f45-8f69-c2ccbb69aa91
|t 0
|
| 952 |
f |
f |
|p ric
|a Texas A&M University
|b Rellis Campus
|c Joint Library Facility
|d Remote Storage
|t 0
|e PQ2678.E86 C5
|h Library of Congress classification
|i unmediated -- volume
|m A14811485333
|
| 998 |
f |
f |
|a PQ2678.E86 C5
|t 0
|l Remote Storage
|